Bekleyen adamın gerçekleşen düşü (Record no. 8205)

MARC details
000 -BAŞLIK
Sabit Uzunlukta Kontrol Alanı 00853na a2200289 4500
001 - KONTROL NUMARASI
Denetim Alanı 15371
003 - KONTROL NUMARASI IDENTIFIER
Denetim Alanı MIRAKIL
005 - SON İŞLEM TARİHİ VE ZAMANI
Denetim Alanı 20181213155203.0
008 - SABİT-BOY VERİ ELEMANLARI - GENEL BİLGİLER
Sabit Uzunlukta Kontrol Alanı 161101b tu 000 0
020 ## - ULUSLARARASI STANDART KİTAP NUMARASI
Uluslararası Standart Kitap Numarası 9754948941
035 ## - SİSTEM KONTROL NUMARASI
Sistem Kontrol Numarası 15371
040 ## - KATALOGLAMA KAYNAK
Orijinal Kataloglama Ajansı Milas
Kataloglama Dili tur
Metne Dönüştürmek Ajansı TR-AnCHP
041 ## - DİL KODU
Metin / Ses Parça Veya Ayrı Başlığın Dil Kodu tur
082 ## - DEWEY ONLU SINIFLANDIRMA NUMARASI
Sınıflandırma Numarası 320.9561
Ürün Numarası A61b 2000
090 ## - SINIFLAMA NUMARASI
Sınıflama Numarası 320.9561 A61b 2000
100 ## - ANA GİRİŞ - KİŞİSEL İSİM
Kişisel Ad Arcayürek, Cüneyt
Bir Adıyla İlişkilendirilen Tarihler 1928-
245 ## - BAŞLIK TABLOSU
Başlık Bekleyen adamın gerçekleşen düşü
Sorumluluk Tablosu, Vb Cüneyt Arcayürek
250 ## - EDITION TABLOSU
Baskı Beyanı 2. bs.
260 ## - YAYIN, DAĞITIM, VB
Yayın, Dağıtım, Vb Yeri Ankara
Yayıncı, Dağıtıcı, Vs Adı Bilgi Yayınevi
Yayın, Dağıtım, Vb Tarihi 2000
300 ## - FİZİKSEL TANIM
Kapsam 473 s.
Boyutlar 20 sm.
490 ## - SERİSİ TABLOSU
Seri Beyanı Cüneyt Arcayürek Anlatıyor
Hacim / Ardışık Tanımı 4
490 ## - SERİSİ TABLOSU
Seri Beyanı Bilgi yayınları/bilgi dizisi
Hacim / Ardışık Tanımı 33
600 ## - KONU KATMA GİRİŞ - KURUMSAL ADI
Kişisel Ad Demirel, Süleyman
Başlıklar Ve Bir Adla İlişkili Diğer Kelimeler 1924-2015
Genel Alt Bölümü Siyaset ve yönetim
650 ## - KONU KATMA GİRİŞ - TOPİKAL DÖNEM
Topikal Süreli Veya Coğrafi Ad Giriş Elemanı Siyasal tarih
Coğrafi Alt Bölümü Türkiye
651 ## - KONU KATMA GİRİŞ - COĞRAFİ ADI
Coğrafi İsim Türkiye
Genel Alt Bölümü Siyaset ve yönetim
Kronolojik Alt Bölümü 1990-
942 ## - EKLENDİ GİRİŞ ELEMANLARI (KOHA)
Sınıflandırma Veya Raf Düzeni Kaynak Dewey Decimal Classification
Koha Öğesi Türü Books
999 ## - SİSTEM KONTROL NUMARALARI (KOHA)
Koha Biblionumber 8205
Koha Biblioitemnumber 8205
Holdings
Kalıcı Konum Mevcut Konum Edinme Tarihi Edinim Kaynak Toplam Check-Out'Lar Tam Çağrı Numarası Barkod Tarih Son Görülme İtibaren Geçerli Fiyatlar Koha Öğesi Türü
CHP Kütüphanesi CHP Kütüphanesi 09/08/2016 Bağış   320.9561 A61b 2000 003853 09/08/2016 09/08/2016 Books